L'Ariège en images - Statistiques

Statistiques générales
  • Ce quiz a été pris 110 fois
  • Le résultat moyen est 10 sur 18
Statistiques - réponses
Par images Hint Réponse % Correct
Pays frontalier Andorre
98%
Chaîne de montagnes Pyrénées
97%
Préfecture Foix
96%
Sous-préfecture Pamiers
84%
Station de sports d'hiver Ax 3 Domaines
68%
Footballeur Fabien Barthez
68%
Sous-préfecture Saint-Girons
68%
Château Château de Montségur
52%
Ville Tarascon-sur-Ariège
51%
Grotte Grotte du {Mas d'Azil}
48%
La plus grande rivière souterraine d'Europe La rivière souterraine de Labouïche
44%
Province historique Couserans
41%
Couvrant 40 % de l'Ariège Parc naturel régional des {Pyrénées Ariégeoises}
36%
Confiserie Flocon d'Ariège
34%
Cascade Cascade d'Ars
32%
Rivière Hers-Vif
15%
Culmine à 3 143 m La Pique d'Estats
15%
Philosophe Pierre Bayle
15%
Aucun quiz correspondant
Distribution des résultats
% des personnes avec chaque résultat
Percentile par nombre de réponses
Votre historique - résultats
Vous n’avez pas pris ce quiz